000
00304nam a22001337a 4500
999
_c
534251
_d
534251
020
_a
9656596919
040
_c
MSOHAIL
082
_a
891.4397
100
_a
Khalid Masood Khan
_9
28416
245
_a
Abba Kahan Say Labba Tha
260
_a
Lahore
_b
Jhangir Box
_c
N.D.
300
_a
256;p
942
_2
ddc
_c
BK